Statistiques concernant Quiz sur Sigournais

Cliquez ici pour prendre le quiz!

Statistiques générales

  • Ce quiz a été pris 16 fois
  • Le résultat moyen est 5 sur 7

Statistiques - réponses

HintRéponse% Correct
Code Postal85110
100%
CantonChantonnay
88%
MaireJean-Marcel Grimaud
88%
Nom des HabitantsSigournaisien
75%
CoiffeurSOS Coiffure
63%
Habitant le plus connuArthur Jarrion
50%
Surnom du Club de FootballLes Écureuils
50%

Distribution des résultats

Percentile par nombre de réponses

% des personnes avec chaque résultat

Votre développement - résultats

Vous n’avez pas pris ce quiz